000 00293nam a22001337a 4500
008 181001b xxu||||| |||| 00| 0 eng d
020 _a9780078746512
041 _aeng
080 _a940
100 _a16
101 _aHIS
245 _aJourney across time
_cSpievogel,J.J
942 _2udc
_cBK
999 _c48755
_d48755